Missing Word: Man Movies Quiz Stats

 Plays Quiz not verified by Sporcle

Score 0/26 Timer 03:00
0 Plays Today
Movie Missing Word % Correct
I ___ You, ManLove
94.5%
When a Man Loves a ___Woman
93.9%
Last Man ___Standing
93.3%
Dead Man ___Walking
92%
The Man in the ___ MaskIron
89.9%
Man on the ___Moon
86.5%
The Man Who Knew Too ___Little
83.8%
The Man with the ___ GunGolden
81.7%
Man on ___Fire
80.1%
The Man Who Would Be ___King
78%
The Man Who Wasn't ___There
74.6%
A Man for All ___Seasons
72.8%
The Man without a ___Face
68.8%
Movie Missing Word % Correct
___ the ManShe's
65.4%
The Man Who Shot ___ ValanceLiberty
65.1%
Man of La ___Mancha
64.5%
Little ___ ManBig
60.9%
The Man with One Red ___Shoe
60.9%
The ___ ManRunning
50.2%
The Man with Two ___Brains
49.5%
Little Man ___Tate
46.8%
A ___ ManSingle
41.6%
The ___ ManThird
36.7%
Dead Man on ___Campus
33.6%
Our Man ___Flint
28.1%
A Man Called ___Horse
25.7%

You're not logged in!

Compare scores with friends on all Sporcle quizzes.
Join for Free
OR
Log In

You Might Also Like...

Show Comments

Extras

Created Aug 16, 2011ReportNominate
Tags:Actor Quiz, man

Top Quizzes Today


Score Distribution

Your Account Isn't Verified!

In order to create a playlist on Sporcle, you need to verify the email address you used during registration. Go to your Sporcle Settings to finish the process.

Report this User

Report this user for behavior that violates our Community Guidelines.

Details: